|
|
|
|
| LEADER |
00737nas a2200241 u 4500 |
| 001 |
10027593 |
| 003 |
upatras |
| 005 |
20210117195624.0 |
| 008 |
831222s1904 ge m p mul |
| 022 |
|
|
|a 0005-674X
|
| 040 |
|
|
|a GR-PaULI
|c GR-PaULI
|
| 041 |
0 |
|
|a mul
|
| 082 |
0 |
4 |
|a 72.011
|
| 222 |
|
0 |
|a Baumeister
|b [Περιοδικό]
|
| 245 |
1 |
0 |
|a Baumeister
|h [Περιοδικό]
|
| 260 |
|
|
|a Munchen
|b Callwey
|
| 310 |
|
|
|a Μηνιαίο
|
| 362 |
0 |
|
|a 71(1974) - 84(1987)
|
| 852 |
|
|
|a GR-PaULI
|b ΠΑΤΡΑ
|b ΒΚΠ
|b Ε
|k ΠΕΡ
|m 564
|t 1
|3 71(1974)-84(1987)
|
| 866 |
|
|
|a 71(1974)-84(1987)
|
| 942 |
|
|
|2 ddc
|s 1
|c JNL
|
| 952 |
|
|
|0 0
|1 0
|4 0
|7 0
|9 21133
|a LISP
|b LISP
|c SER
|d 2016-04-24
|i 564
|l 0
|r 2016-04-24 00:00:00
|t 1
|w 2016-04-24
|y JNL
|
| 999 |
|
|
|c 12487
|d 12487
|